Statistics for Largest Cities in Colorado on a Map

Click here to take the quiz!

General Stats

  • This quiz has been taken 48 times
    (31 since last reset)
  • The average score is 12 of 21

Answer Stats

Population City % Correct
732,144Denver
100%
493,799Colorado Springs
96%
371,922Aurora
88%
171,266Fort Collins
80%
114,221Pueblo
80%
109,557Boulder
80%
64,092Grand Junction
72%
113,065Greeley
64%
81,895Loveland
48%
160,429Lakewood
48%
146,825Thornton
48%
124,170Arvada
48%
46,900Littleton
48%
111,336Centennial
44%
71,468Broomfield
40%
96,068Longmont
40%
63,930Castle Rock
40%
40,579Brighton
36%
116,308Westminster
32%
58,511Commerce City
28%
56,008Parker
28%

Score Distribution

Percentile by Number Answered

Percent of People with Each Score

Your Score History

You have not taken this quiz since the last reset